000 00625nam a22001697a 4500
003 OSt
005 20260407162927.0
008 260407b |||||||| |||| 00| 0 eng d
040 _cMRSPTU
041 _aEnglish
100 _aAmandeep Kaur, Supervisor: Dr. Barinderjeet Singh Toor
245 _a Effect of Fungal Fermentation on the Nutritional and Functional Characteristics of Proso Millet (Panicum Miliaceum L.)
260 _bDepartment of Food Science & Technology, MRSPTU, Bathinda
_c2024
650 _aFood Science & Technology
856 _uhttp://163.47.215.52:8080/jspui/handle/123456789/892
942 _2ddc
_cTH
_n0
999 _c11371
_d11371